Movies Quiz

Random Movies or Clickable Quiz

Clicktional Schools Quiz Stats

 Plays Quiz Updated Feb 7, 2020

Support Sporcle.
Go Orange.
Score 0/24 Timer 05:00
0 Plays Today
% Correct
Hogwarts School of Witchcraft and Wizardry
92.7%
Ridgemont High School
81.4%
Whoville School
79%
Rydell High School
67.1%
New York City High School of the Performing Arts
62.1%
South Central Louisiana State University (SCLSU)
49.5%
Hill Valley High School
48.6%
California University of Los Angeles (CULA)
47.1%
Bunker Hill Military Academy
45%
Faber College
41.3%
Horace Green Preparatory School
38.3%
East High
36.5%
% Correct
East Great Falls High School
31.9%
Hickory High School
31.4%
Adams College
28.9%
Shermer High School
27.6%
Midtown High School
25.2%
Miss Shannon's School for Girls
19.1%
Western University
15.6%
Marshall College
15.1%
Westerburg High School
13.4%
Illinois Poly University
11.4%
Vince Lombardi High School
10%
Clark Secondary School
6.2%

You're not logged in!

Compare scores with friends on all Sporcle quizzes.
OR
Log In
Forgot?

From the Vault

Bruce Springsteen or Billy Joel?

by hjckr

Music 2m
It's a showdown between New Jersey's finest and Mr. Long Island!
Remove Ads.
Support Sporcle.
Get the best of Sporcle when you Go Orange. This ad-free experience offers more features, more stats, and more fun while also helping to support Sporcle. Thank you for becoming a member.

Show Comments

Extras

Top Quizzes Today


Score Distribution

Your Account Isn't Verified!

In order to create a playlist on Sporcle, you need to verify the email address you used during registration. Go to your Sporcle Settings to finish the process.

Report this User

Report this user for behavior that violates our Community Guidelines.

Details: